Hauptstädte Asiens / Kannst du sie alle? - Statistiken

Allgemein
  • Dieses Quiz wurde 42 mal gespielt
  • Das Durchschnittsergebnis liegt bei 27 aus 45
Antwortstatistiken
Antwort % Korrekt
Tokio
97%
Peking
91%
Jerusalem
81%
Teheran
81%
Abu Dhabi
78%
Baghdad
78%
Jakarta
78%
Neu-Delhi
78%
Pjöngjang
78%
Riad
78%
Seoul
78%
Islamabad
75%
Baku
69%
Bangkok
69%
Beirut
69%
Singapur
69%
Ankara
66%
Damaskus
66%
Kabul
66%
Ulaanbaatar
66%
Amman
63%
Hanoi
63%
Kuwait-Stadt
63%
Manila
63%
Doha
59%
Kuala Lumpur
59%
Malé
59%
Astana
53%
Dili
53%
Taschkent
53%
Dhaka
50%
Jerewan
50%
Maskat
50%
Phnom Penh
50%
Sanaa
50%
Vientiane
50%
Bischkek
47%
Kathmandu
47%
Manama
47%
Colombo
44%
Duschanbe
41%
Thimphu
41%
Aschgabat
38%
Bandir Seri Begawan
0%
Napyidaw
0%
Keine übereinstimmenden Quizze gefunden
Verteilung der Resultate
Anzahl Personen mit jedem Resultat
Perzentil nach korrekt beantworteten Fragen
Ihre Resultats-Entwicklung
Sie haben dieses Quiz noch nicht gespielt